| 000 | 00638nam a2200169 i 4500 | ||
|---|---|---|---|
| 001 | 31717 | ||
| 003 | ES-MaACL | ||
| 005 | 20230906154430.0 | ||
| 007 | t| | ||
| 008 | 030130s1941 ag ||||1| spa d | ||
| 100 | 1 |
_aBengolea, Adrian J. _927575 |
|
| 245 | 1 | 3 |
_aEl sondeo duodenal como medio de diagnóstico y de tratamiento de las afecciones del hígado y de las vías biliares / _cAdrian J. Bengolea y Carlos Velasco Suárez. |
| 260 |
_aBuenos Aires : _bLib. Hachette, _c1941 ( _fArtes Gráfs. Futura) |
||
| 300 |
_a302 p., 8 lám. : _bil. ; _c26 cm. |
||
| 700 | 1 |
_aVelasco Suárez, Carlos. _9113776 |
|
| 852 |
_aES-MaACL _jE-115 _bR.20599 |
||
| 999 |
_c31717 _d31717 |
||